| 000 | 02293 a2200265 4500 | ||
|---|---|---|---|
| 003 | Nust | ||
| 005 | 20170207154047.0 | ||
| 010 | _a 2008018996 | ||
| 020 | _a0470195908 (hbk.) | ||
| 020 | _a9780470195901 (hbk.) | ||
| 035 | _a(OCoLC)226308199 | ||
| 035 | _a(OCoLC)ocn226308199 | ||
| 040 | _cNust | ||
| 082 | 0 | 0 | _a620.001 |
| 245 | 0 | 0 |
_aSystem of systems engineering :innovations for the 21st century -( E-BOOK) _cedited by Mo Jamshidi. |
| 260 |
_aHoboken, N.J. : _bWiley, _cc2009. |
||
| 300 |
_axix, 591 p. : _bill., maps ; _c25 cm. |
||
| 440 | 0 | _aWiley series in systems engineering and management | |
| 505 | 0 | _a1. Introduction to System of Systems (Page-1), 2. An Open Systems Approach to System of Systems Engineering (Page-21), 3. Engineering of a System of Systems (Page-44), 4. System of Systems Architecting (Page-77), 5. Modeling and Simulation for Systems of Systems Engineering (Page-101), 6. Net Centricity and System of Systems (Page-150), 7. Emergence in System of Systems (Page-169), 8. System of Systems Management (Page-191), 9. Systems Engineering for Department of Defense Systems of Systems (Page-218)_, 10. Boeing’s SoSE Approach to e-Enabling Commercial Airlines (Page-232), 11. System of Systems Perspectives on Infrastructures (Page-257), 12. Advances in Wireless Sensor Networks: A Case Study in System of Systems Perspective (Page-275), 13. A System of Systems View of Services (Page-293), 14. System of Systems Engineering in Space Exploration (Page-317), 15. Communication and Navigation Networks in Space System of Systems (Page-348), 16. Operation and Control of Electrical Power Systems (Page-385), 17. Future Transportation Fuel System of Systems (Page-409), 18. Sustainable Environmental Management from a System of Systems Engineering Perspective (Page-443), 19. Robotic Swarms as System of Systems (Page-482), 20. Understanding Transportation as a System of Systems Problem (Page-520), 21. Health Care System of Systems (Page-542), 22. System of Systems Engineering of GEOSS (Page-551). | |
| 650 | 0 | _aLarge scale systems. | |
| 650 | 0 | _aTelecommunications engineering - (E-BOOK) | |
| 651 | _aE-BOOK | ||
| 700 | 1 | _aJamshidi, Mohammad. | |
| 856 | 4 | 1 |
_3Table of contents only _uhttp://www.loc.gov/catdir/toc/fy0903/2008018996.html |
| 942 |
_2ddc _cBK |
||
| 999 |
_c192938 _d192938 |
||